Книга о рентах, выданных по выкупной операции по 5½ % в 1862 году

Доступно только в Электронных читальных залах Найти на картеНа карте
RUSMARC
00003442nmc2a2200000 x 450
0019a4a68ee-10d6-4de8-9b20-cb611b22712c
00520151218190406.0
100##$a20150429l18621862k l0rusy0189 ca
1010#$arus
102##$aRU
2001#$aКнига о рентах, выданных по выкупной операции по 5½ % в 1862 году
$j1862 г.
251##$cДело
300##$aДело
801#0$aRU
$bРГИА
$c20150429
$gRCR
801#1$aRU
$bГлавНИВЦ
$c20150429
$2rusmarc
801#2$aRU
$bПБ им. Б.Н. Ельцина
$c20151218
$gRCR
$2rusmarc
850##$aРГИА
852##$aРГИА
$eФедеральное казенное учреждение "Российский государственный исторический архив" (РГИА)
$j618
937##$hРГИА
$d11188345
$aASBIBLIO_SCAN
462#0$1001c03dd24f-5549-4fc3-9407-ad4da698b4e7
$12001
$aДела Главного выкупного учреждения Министерства финансов
$1251
$cОпись
$1852
$j52
461#0$10018ef30ad5-ff5c-4840-a721-74c62a200f95
$12001
$aГлавное выкупное учреждение Министерства финансов (1861-1895)
$1251
$cФонд
$1852
$j577
215##$a58 л.
$d41,5х33
371##$aДокумент не является опубликованным и широко распространяемым
105##$ay###
1222#$ad
035##$a9a4a68ee-10d6-4de8-9b20-cb611b22712c
Формат отображения